| 000 | 00590cam a2200193 a 4500 | ||
|---|---|---|---|
| 020 | _a0803952317 (alk. paper) | ||
| 020 | _a0803952325 (pbk. : alk. paper) | ||
| 040 | _cDLC | ||
| 041 | 1 | _hfre | |
| 082 | 0 | 0 | _a306 SAG 1995 A069 Or. |
| 100 | 1 | _aCoulon, Alain, | |
| 245 | 1 | 0 | _aEthnomethodology / |
| 260 |
_aThousand Oaks : _bSage Publications, _cc1995. |
||
| 300 |
_av, 82 p. ; _c23 cm. |
||
| 650 | 0 | _aEthnomethodology. | |
| 856 | 4 | 2 | _uhttp://www.loc.gov/catdir/enhancements/fy0655/95005586-d.html |
| 856 | 4 | 1 | _uhttp://www.loc.gov/catdir/enhancements/fy0655/95005586-t.html |
| 942 | _cEK | ||
| 999 |
_c14614 _d14614 |
||